Voleibol : (Record no. 4368)

000 -CABECERA
fixed length control field 01035nam a22002297a 4500
003 - IDENTIFICADOR DEL NÚMERO DE CONTROL
control field AR-CdUCM
008 - DATOS DE LONGITUD FIJA--INFORMACIÓN GENERAL
fixed length control field 190308b ||||| |||| 00| 0 spa d
040 ## - FUENTE DE LA CATALOGACIÓN
Agencia/entidad que catalogó originalmente la obra MUNICIPALIDAD PROVINCIAL DEL CUSCO
Entidad que transcribió la catalogación BIBLIOTECA MUNICIPAL DEL CUSCO
082 ## - NÚMERO DE LA CLASIFICACIÓN DECIMAL DEWEY
No. de Clasificación 796.325 /
Notacion interna V6
245 ## - MENCIÓN DE TÍTULO
Título Voleibol :
Resto del título deporte familiar. Reglamento oficial, XXV reglas de juego con múltiples ilustraciones /
246 ## - FORMA VARIANTE DE TÍTULO
Título propiamente dicho/Título corto Homenaje a las selecciones femeninas de voleibol del Perú de todos los tiempos
260 ## - PUBLICACIÓN, DISTRIBUCIÓN, ETC.
Lugar de publicación, distribución, etc. Lima :
Nombre de la editorial, distribuidor, etc. Mercurio S.A.,
Fecha de publicación, distribución, etc. 1990.
300 ## - DESCRIPCIÓN FÍSICA
Nº de Páginas Extensión 176 páginas ;
Otros detalles físicos fotografías ;
Dimensiones 16.5 cm.
440 ## - MENCIÓN DE SERIE/PUNTO DE ACCESO ADICIONAL--TÍTULO
Título Deportes
9 (RLIN) 13786
505 ## - NOTA DE CONTENIDO CON FORMATO
Nota de contenido formateada Contenido: Historia del voleibol peruano a través de sus trofeos -- Reglamento internacional: XXV reglas de juego -- Términos usuales en voleibol -- Manejo del banderín por jueces de linea ...
650 ## - PUNTO DE ACCESO ADICIONAL DE MATERIA--TÉRMINO DE MATERIA
Descriptor Voleibol - Técnicas
9 (RLIN) 13787
650 ## - PUNTO DE ACCESO ADICIONAL DE MATERIA--TÉRMINO DE MATERIA
Descriptor Reglamentos - Voleibol
9 (RLIN) 13788
650 ## - PUNTO DE ACCESO ADICIONAL DE MATERIA--TÉRMINO DE MATERIA
Descriptor Términos - Voleibol
9 (RLIN) 13789
650 ## - PUNTO DE ACCESO ADICIONAL DE MATERIA--TÉRMINO DE MATERIA
Descriptor Voleibol - Conceptos
9 (RLIN) 13790
942 ## - ELEMENTOS DE PUNTO DE ACCESO ADICIONAL (KOHA)
Fuente de clasificación
Tipo de item Libros-BMC
945 ## - PROCESAMIENTO DE INFORMACIÓN LOCAL (OCLC)
Catalogador lccs
Holdings
Estado de retiro (separado) Fuente de clasificación o esquema de estanterías Estado dañado Ubicación Sala donde se ubica Nombre de la colección Fecha de adquisición o compra Costo, precio normal en soles Signatura topográfica Código de Barras Última vez visto (Koha) Tipo de ítem (Koha)
No     Sala Artes Sala Artes Book Cart 2019-03-08 15.00 796.325 / V6 SA0000000209 2019-03-08 Libros-BMC

Powered by Koha